Veinte años de experiencia: un informe sobre el programa PROMESA en Colombia
Bewaard in:
| Hoofdauteurs: | , |
|---|---|
| Formaat: | Boek |
| Taal: | Spaans |
| Gepubliceerd in: |
La Haya
Bernard van Leer Foundation
2005
|
| Reeks: | Siguiendo Huellas. Desarrollo Infantil temprano: Prácticas y Reflexiones, 22s
|
| Onderwerpen: | |
| Tags: |
Voeg label toe
Geen labels, Wees de eerste die dit record labelt!
|
MARC
| LEADER | 00000nam a2200000 a 4500 | ||
|---|---|---|---|
| 001 | UCK4815 | ||
| 003 | CL-VaPUC | ||
| 008 | 050624e20050000NE |||||||||||||||||spa|d | ||
| 020 | |a 9061950805 | ||
| 082 | 0 | 4 | |a 362.7 |b ARA |2 21 |
| 100 | 0 | |a Arango, Marta |e author |9 493438 | |
| 700 | 0 | |a Nimnicht, Glen |e author |9 493439 | |
| 245 | 1 | 0 | |a Veinte años de experiencia: un informe sobre el programa PROMESA en Colombia |
| 300 | |a 147 p | ||
| 942 | |c BK | ||
| 945 | |d 20050624 00:00:00 |a cmena | ||
| 260 | |a La Haya |b Bernard van Leer Foundation |c 2005 | ||
| 650 | 0 | |a Problemas sociales |9 258537 | |
| 650 | 0 | |a Niños |9 255605 | |
| 650 | 0 | |a Familias |9 255641 | |
| 650 | 0 | |a Educación básica |9 224933 | |
| 650 | 0 | |a Trabajo social |9 307856 | |
| 650 | 7 | |a ESTIMULACION TEMPRANA |2 CL-VaPUC |9 406827 | |
| 650 | 0 | |a Nutrición |9 259434 | |
| 650 | 0 | |a Alfabetización |9 310435 | |
| 650 | 7 | |a HIGIENE |2 CL-VaPUC |9 493440 | |
| 650 | 0 | |a Atención médica |9 337119 | |
| 650 | 0 | |a Calidad de la educación |9 307271 | |
| 651 | 0 | |a Colombia |9 256424 | |
| 583 | |a last modification |c 20050624 00:00:00 |k Rodrigo Vera | ||
| 490 | 0 | |a Siguiendo Huellas. Desarrollo Infantil temprano: Prácticas y Reflexiones, 22s | |
| 999 | |c 313559 |d 313557 | ||
| 952 | |0 0 |1 0 |4 0 |6 362_700000000000000_ARA_2005 |7 0 |8 A |9 384972 |a BIBEDU |b BIBEDU |d 2019-11-22 |i 4140753 |o 362.7 ARA 2005 |p 4140753 |r 2019-11-22 |w 2019-11-22 |y BK |k EBA | ||